Laufey - I Wait, I Wait, I Wait lyrics - Statistics

General Stats
  • This quiz has been taken 8 times
  • The average score is 97 of 135
Answer Stats
Answer % Correct
do
100%
I
100%
the
100%
The
100%
wait
100%
Wait
100%
wait,
100%
you
100%
You
100%
a
86%
an
86%
for
86%
love
86%
Me
86%
me
86%
of
86%
with
86%
fall
71%
in
71%
just
71%
Out
71%
out
71%
this,
71%
to
71%
Accept
57%
blue
57%
day
57%
didn't
57%
evermore
57%
minute
57%
music
57%
my
57%
Nothing
57%
price
57%
say
57%
Spinning
57%
sunshine
57%
thunder
57%
tomorrow
57%
all
43%
But
43%
call
43%
fallen
43%
health
43%
is
43%
joy
43%
live
43%
Regrets
43%
sickness
43%
silence
43%
smile
43%
sorrow
43%
them
43%
when
43%
When
43%
worst
43%
yesterday
43%
cynic
29%
dream
29%
earthquake
29%
fate
29%
finally
29%
hapless
29%
hesitate
29%
lies
29%
nightmares
29%
Search
29%
tears
29%
teeth
29%
your
29%
You're
29%
you've
29%
No matching quizzes found
Score Distribution
Percent of People with Each Score
Percentile by Number Answered
Your Score History
You have not taken this quiz